Langue Francaise: Cours préparatoire
Saved in:
| Hovedforfatter: | |
|---|---|
| Format: | Bog |
| Sprog: | spansk fransk |
| Udgivet: |
Buenos Aires
Alianza Francesa
1965
|
| Udgivelse: | 3a. ed |
| Fag: | |
| Tags: |
Tilføj Tag
Ingen Tags, Vær først til at tagge denne postø!
|
MARC
| LEADER | 00000nam a2200000 a 4500 | ||
|---|---|---|---|
| 001 | UCH2443 | ||
| 003 | CL-VaPUC | ||
| 008 | 090611e19650000AG |||||||||||||||||spa|d | ||
| 041 | 0 | 7 | |a spa |2 CL-VaPUC |
| 041 | 0 | 7 | |a fre |2 CL-VaPUC |
| 082 | 0 | 4 | |a 448 |b MAU |2 21 |
| 100 | |a Maudet, Ariel Alejandro |e autor |9 537261 | ||
| 245 | 1 | 0 | |a Langue Francaise: Cours préparatoire |
| 250 | |a 3a. ed | ||
| 300 | |a 320 p | ||
| 942 | |c BK | ||
| 945 | |d 20090611 00:00:00 |a dcastane | ||
| 260 | |a Buenos Aires |b Alianza Francesa |c 1965 | ||
| 650 | 7 | |a FRANCES ENSEÑANZA |2 CL-VaPUC |9 537262 | |
| 650 | 0 | |a Lingüística aplicada |9 313266 | |
| 650 | 7 | |a GRAMATICA FRANCESA |2 CL-VaPUC |9 416915 | |
| 650 | 0 | |a Verbos franceses |9 537263 | |
| 583 | |a last modification |c 20090611 00:00:00 |k Rodrigo Vera | ||
| 999 | |c 334183 |d 334181 | ||
| 952 | |0 0 |1 0 |4 0 |6 448_000000000000000_MAU_1965 |7 0 |8 X |9 423019 |a FDOBUD |b FDOBUD |d 2019-11-22 |i 4555635 |o 448 MAU 1965 |p 4555635 |r 2019-11-22 |w 2019-11-22 |y BK_X |k BUD | ||